[Rezension von: J. Dijkstra / P.P.W.M. Dirkse / A.E.A.M. Smits, De schilderijen van Museum Catharijneconvent]

Saved in:
Bibliographic Details
Published in:Kunstform 4(2003), 2
Main Author: Lammertse, Friso (Author, VerfasserIn)
Document Type: Online Resource Article
Language:English
Published: 2003
Subjects:
Online Access:kostenfrei
Related Items:Enthalten in: Kunstform
Rezension von: De schilderijen van Museum Catharijneconvent
Author Notes:rezensiert von Friso Lammertse
LEADER 01750caa a2200349 c 4500
001 1920616691
003 DE-627
005 20260419035051.0
007 cr uuu---uuuuu
008 250326s2003 xx |||||oo 00| ||eng c
035 |a (DE-627)1920616691 
035 |a (DE-599)KXP1920616691 
035 |a (OCoLC)1533749878 
040 |a DE-627  |b ger  |c DE-627  |e rda 
041 |a eng 
084 |a KUNST  |q DE-16  |2 fid 
100 1 |a Lammertse, Friso  |d 1962-  |e VerfasserIn  |0 (DE-588)132676397  |0 (DE-627)525177019  |0 (DE-576)165495472  |4 aut 
245 1 0 |a [Rezension von: J. Dijkstra / P.P.W.M. Dirkse / A.E.A.M. Smits, De schilderijen van Museum Catharijneconvent]  |c rezensiert von Friso Lammertse 
264 1 |c 2003 
300 |b Illustrationen 
336 |a Text  |b txt  |2 rdacontent 
337 |a Computermedien  |b c  |2 rdamedia 
338 |a Online-Ressource  |b cr  |2 rdacarrier 
655 7 |a Rezension  |0 (DE-588)4049712-4  |0 (DE-627)106186019  |0 (DE-576)209083166  |2 gnd-content 
773 0 8 |i Enthalten in  |t Kunstform  |d München : Ludwig-Maximilians-Universität München, Institut für Kunstgeschichte, 2000  |g 4(2003), 2  |h Online-Ressource  |w (DE-627)382929004  |w (DE-600)2140180-9  |w (DE-576)281244731  |x 1618-7199  |7 nnas 
773 1 8 |g volume:4  |g year:2003  |g number:2 
787 0 8 |i Rezension von  |t De schilderijen van Museum Catharijneconvent  |d Utrecht : Museum Catharijneconvent [u.a.], 2002  |h 575 S.  |w (DE-627)1601329989  |w (DE-576)10101418X  |z 9040096619 
856 4 0 |u https://www.arthistoricum.net/kunstform/rezension/ausgabe/2003/2/1304  |x Verlag  |z kostenfrei  |3 Volltext  |7 0 
951 |a AR 
994 |u https://www.arthistoricum.net/themen/rezensionen/kunstform/rezension/ausgabe/2003/2/1304 
991 |a Rezension (Monographie, Zeitschrift, Aufsatz) 
999 |a KXP-PPN1920616691  |e 4955633692